书目信息 |
| 题名: |
建筑抗震加固技术规程 JGJ 116-98
|
|
| 作者: | 中国建筑科学研究院 主编 | |
| 分册: | ||
| 出版信息: | 北京 中国建筑工业出版社 1999.02 |
|
| 页数: | 89页 | |
| 开本: | 32开 | |
| 丛书名: | ||
| 单 册: | ||
| 中图分类: | TU7-65 | |
| 科图分类: | ||
| 主题词: | 建筑工程--工程施工 | |
| 电子资源: | ||
| ISBN: | ||
| 000 | 00647nam0 2200193 45 | |
| 001 | 0009132023 | |
| 005 | 20000913210055.2 | |
| 010 | @d12.00元 | |
| 100 | @a20000913d1999 km y0chiy0120 ea | |
| 101 | 0 | @achi |
| 105 | @a z 000yy | |
| 200 | 1 | @a建筑抗震加固技术规程 JGJ 116-98@AJian Zhu Kang Zhen Jia Gu Ji Shu Gui Cheng JGJ 116-98@f中国建筑科学研究院 主编@FZhong Guo Jian Zhu Ke Xue Yan Jiu Yuan Zhu Bian |
| 210 | @a北京@c中国建筑工业出版社@d1999.02 | |
| 215 | @a89页@d32开 | |
| 606 | 0 | @a建筑工程@x工程施工 |
| 690 | @aTU7-65@v3 | |
| 701 | 0 | @a中国建筑科学研究院@4主编 |
| 801 | @aCN@bPftUser@c20000913 | |
| 905 | @b141031-035@dTU7-65@eZH:345/2@f5 | |
| 建筑抗震加固技术规程 JGJ 116-98/中国建筑科学研究院 主编.-北京:中国建筑工业出版社,1999.02 |
| 89页;32开 |
| ISBN :12.00元 |
| ● |
| 相关链接 |
|
|
|
正题名:建筑抗震加固技术规程JGJ 116-98
索取号:TU7-65/ZH:345/2
 
预约/预借
| 序号 | 登录号 | 条形码 | 馆藏地/架位号 | 状态 | 备注 |
| 1 | 141031 | 201410311 | 土木与交通工程学院资料室/土木与交通学院资料室 1排1列1层/ [索取号:TU7-65/ZH:345/2] | 在馆 | |
| 2 | 141032 | 201410320 | 土木与交通工程学院资料室/土木与交通学院资料室 1排1列1层/ [索取号:TU7-65/ZH:345/2] | 在馆 | |
| 3 | 141033 | 201410339 | 自科二线404/201建筑库 15排1列2层/ [索取号:TU7-65/ZH:345/2] | 在馆 | |
| 4 | 141034 | 201410348 | 土木与交通工程学院资料室/土木与交通学院资料室 1排1列1层/ [索取号:TU7-65/ZH:345/2] | 在馆 | |
| 5 | 141035 | 201410357 | 建筑库201/101建筑库 15排1列5层/ [索取号:TU7-65/ZH:345/2] | 在馆 | |
| 6 | 48848 | 200488481 | 建筑库201/404自科库 24排1列2层/ [索取号:TU7-65/ZH:345/2] | 在馆 | |
| 7 | 48849 | 200488490 | 土木与交通工程学院资料室/土木与交通学院资料室 1排1列1层/ [索取号:TU7-65/ZH:345/2] | 在馆 | |
| 8 | 48851 | 200488515 | 自科二线404/404自科库 27排5列5层/ [索取号:TU7-65/ZH:345/2] | 在馆 | |
| 9 | 48852 | 200488524 | 建筑库201/404自科库 24排1列2层/ [索取号:TU7-65/ZH:345/2] | 在馆 |